01004nam a22002417a 4500001001000000003000900010005001700019007000300036008004100039040002500080082001600105100003300121245005800154260005800212300002100270500004500291590002700336910001400363942001400377952017300391952018100564999001700745000030826DO-SdBNP20220909121317.0ta110531s1939 dr 000 p spa d aDO-SdBNPbspacBNPHU axxxxbV335j aSuárez Vásquez, R93054010aJuegos de luces y de sombras. /cR. Suarez Vásquez. aSantiago, República Dominicana :bEl diario,c1939. a111 p. ;c20 cm. aA la cabeza del título Era de Trujillo aInventariado, 2022/ YL aYLockward 2ddccLBS1 00102ddc51708PD-RVaBNPHUbBNPHUcCTd2011-05-31iLF1oxxxx V335jp30826-10r2020-06-25w2020-06-25yLBS1zPerteneció a la biblioteca personal de Martínez Boog. 00102ddc51708PD-RVaBNPHUbBNPHUcCTd2011-06-06iLF1oxxxx V335jp30826-20r2020-06-25te. 2w2020-06-25yLBS1zPerteneció a la biblioteca personal de Julio Ortega Frier c30318d30318